[Event "R1 Vic-Luchon"]
[Site "Vic"]
[Date "2004.12.05"]
[Round "3.4"]
[White "Gales, Jacques"]
[Black "Thimognier, Victor"]
[Result "0-1"]
[WhiteElo "1280"]
[BlackElo "1490"]
[EventDate "2004.??.??"]
[PlyCount "38"]

1.d4 d5 2.Nf3 Nf6 3.e3 e6 4.Bd3 Bd6 5.c3 Nbd7 6.O-O c5 7.dxc5 Nxc5 8.Bc2 
O-O 9.Re1 Qc7 10.g3 e5 11.Nbd2 e4 12.b4 Ne6 13.Bb2 exf3 14.Qxf3 Ng5 15.Qe2
Bg4 16.Qd3 Nfe4 17.Qxd5 Nxd2 18.Bxh7+ Kxh7 19.Kg2 Bf3+ 0-1

[Event "R1 Vic-Luchon"]
[Site "Vic"]
[Date "2004.12.05"]
[Round "3.3"]
[White "Hochet, Yannick"]
[Black "Durand, Christian"]
[Result "0-1"]
[WhiteElo "1560"]
[BlackElo "1499"]
[EventDate "2004.??.??"]
[PlyCount "95"]

1.e4 e5 2.Nf3 Nc6 3.c3 a6 4.d4 exd4 5.cxd4 d5 6.e5 Be6 7.Be2 Nge7 8.Bg5 h6
9.Bxe7 Bxe7 10.O-O Qd7 11.Nc3 O-O 12.Qd2 f6 13.exf6 Rxf6 14.Qe3 Rg6 15.
Rfe1 Bg5 16.Nxg5 Rxg5 17.Bf3 Re8 18.h4 Bf7 19.Qd2 Rxe1+ 20.Rxe1 Rg6 21.a3 
Ne7 22.Bh5 Rf6 23.Bxf7+ Rxf7 24.Qe3 c6 25.Na4 Nf5 26.Qf4 Nd6 27.Qc1 Ne4 
28.f3 Ng3 29.Nc5 Qd8 30.Nxb7 Qxh4 31.Re8+ Rf8 32.Rxf8+ Kxf8 33.Qxc6 Qxd4+ 
34.Kh2 Qh4+ 35.Kg1 Qh1+ 36.Kf2 Qh4 37.Qd6+ Kg8 38.Qxd5+ Kh7 39.Qd3+ Nf5+ 
40.Kg1 Qe1+ 41.Qf1 Qe7 42.Qxa6 Qe3+ 43.Kh2 Qf4+ 44.Kg1 Qc1+ 45.Qf1 Qxb2 
46.Qd3 Qb6+ 47.Kh2 Qc7+ 48.Kh3 0-1

[Event "R1 Vic-Luchon"]
[Site "Vic"]
[Date "2004.12.05"]
[Round "3.2"]
[White "Miquel, Pierre"]
[Black "Labat, Jory"]
[Result "1-0"]
[WhiteElo "1440"]
[BlackElo "1590"]
[EventDate "2004.??.??"]
[PlyCount "103"]

1.d4 Nf6 2.Nf3 e6 3.Bg5 h6 4.Bxf6 Qxf6 5.e4 c5 6.c3 b6 7.e5 Qd8 8.Bd3 Bb7 
9.Nbd2 cxd4 10.cxd4 Bxf3 11.Qxf3 Nc6 12.Qe3 Bb4 13.Rd1 O-O 14.O-O Bxd2 15.
Rxd2 d5 16.Rc1 Nb4 17.Bb1 Rc8 18.Rc3 Qd7 19.a3 Rxc3 20.bxc3 Na6 21.Qd3 g6 
22.Qxa6 Rc8 23.Qd3 Qa4 24.c4 Rxc4 25.Bc2 Qa5 26.h4 Rc3 27.Qf1 Rxa3 28.Rd1 
Qc3 29.Rd3 Qb2 30.Rxa3 Qxa3 31.Qd3 Qxd3 32.Bxd3 a5 33.Bb5 Kf8 34.f4 Ke7 
35.g4 f6 36.g5 fxg5 37.fxg5 h5 38.Kf2 Kd8 39.Ke3 Ke7 40.Kd3 Kd8 41.Kc3 Ke7
42.Kb3 Kd8 43.Ka4 Ke7 44.Bd3 Kf7 45.Kb5 Kg7 46.Bc2 Kf7 47.Kxb6 a4 48.Bxa4 
Ke7 49.Kc7 Kf8 50.Kd8 Kf7 51.Be8+ Kf8 52.Bxg6 1-0

[Event "R1 Vic-Luchon"]
[Site "Vic"]
[Date "2004.12.05"]
[Round "3.1"]
[White "Giraut, Laurent"]
[Black "Moreau, Philippe"]
[Result "1-0"]
[WhiteElo "1900"]
[BlackElo "1780"]
[EventDate "2004.??.??"]
[PlyCount "39"]

1.d4 Nf6 2.Bg5 e6 3.e4 Be7 4.Bd3 d6 5.Nf3 Nbd7 6.c4 c6 7.Nc3 e5 8.O-O exd4
9.Nxd4 Qb6 10.Nf5 Qxb2 11.Rc1 Bf8 12.Bb1 Qb4 13.Re1 g6 14.Qd4 Be7 15.Nxe7 
Kxe7 16.e5 dxe5 17.Rxe5+ Nxe5 18.Qxe5+ Kf8 19.Bh6+ Kg8 20.Qxf6 1-0

[Event "R1 Ramonville-Ste Foy"]
[Site "Ramonville"]
[Date "2004.12.05"]
[Round "3.6"]
[White "Lamata, Fabrice"]
[Black "Reglade, Michel-Antoine"]
[Result "1-0"]
[WhiteElo "1410"]
[BlackElo "1499"]
[EventDate "2004.??.??"]
[PlyCount "81"]

1.c4 c6 2.Nc3 d5 3.cxd5 cxd5 4.d4 Nc6 5.e3 e6 6.Nf3 Bd6 7.Bb5 Bd7 8.e4 
Nge7 9.e5 Bb4 10.a3 Bxc3+ 11.bxc3 Nxd4 12.Bxd7+ Qxd7 13.Nxd4 O-O 14.Qg4 
Ng6 15.h4 Nxe5 16.Qg3 Nc4 17.O-O a6 18.Bh6 g6 19.Bxf8 Rxf8 20.h5 Nd2 21.
Rfc1 Re8 22.h6 e5 23.Qd3 Ne4 24.Ne2 Rd8 25.Qf3 Nd2 26.Qf6 Kf8 27.Qg7+ Ke7 
28.Qxe5+ Qe6 29.Qxe6+ fxe6 30.Ra2 Nc4 31.Re1 e5 32.f4 e4 33.Nd4 Rc8 34.f5 
Kf6 35.Rf1 Kg5 36.f6 Ne5 37.f7 Rf8 38.Ne6+ Kxh6 39.Nxf8 Nxf7 40.Rxf7 g5 
41.Rxh7# 1-0

[Event "R1 Ramonville-Ste Foy"]
[Site "Ramonville"]
[Date "2004.12.05"]
[Round "3.5"]
[White "Rizzo, Carlo"]
[Black "Selam, Herve"]
[Result "1/2-1/2"]
[WhiteElo "1560"]
[BlackElo "1490"]
[EventDate "2004.??.??"]
[PlyCount "60"]

1.c4 f5 2.g3 Nf6 3.Bg2 e6 4.Nc3 Be7 5.d3 O-O 6.e4 fxe4 7.dxe4 d6 8.Nge2 e5
9.O-O Be6 10.Qb3 b6 11.f4 Nbd7 12.Nd5 Nc5 13.Nxf6+ Bxf6 14.Qc2 exf4 15.
Nxf4 Be5 16.Rb1 a5 17.a3 Bd7 18.b4 Ne6 19.Nxe6 Bxe6 20.Bb2 Bxb2 21.Rxb2 
Rxf1+ 22.Bxf1 axb4 23.axb4 Qf6 24.Qg2 Ra1 25.Rf2 Qd4 26.Qf3 h6 27.Kg2 Bxc4
28.Bxc4+ Qxc4 29.Qf8+ Kh7 30.Qf5+ Kg8 1/2-1/2

[Event "R1 Ramonville-Ste Foy"]
[Site "Ramonville"]
[Date "2004.12.05"]
[Round "3.4"]
[White "Misiaszek, Stéphane"]
[Black "Lezaud, Pascal"]
[Result "0-1"]
[WhiteElo "1499"]
[BlackElo "1480"]
[EventDate "2004.??.??"]
[PlyCount "75"]

1.d4 Nf6 2.Nf3 g6 3.e3 Bg7 4.Bd3 O-O 5.O-O d5 6.Nbd2 Nbd7 7.c3 c5 8.Re1 b6
9.e4 dxe4 10.Nxe4 Bb7 11.Bg5 h6 12.Bh4 Re8 13.Rc1 Rc8 14.Qd2 c4 15.Bb1 Qc7
16.Bg3 Qd8 17.Re2 Nh5 18.Bh4 Qc7 19.Rce1 Bd5 20.Ng3 Bxf3 21.gxf3 Nf4 22.
Rxe7 Rxe7 23.Rxe7 Nd5 24.Re1 Nf8 25.Nf1 Qd7 26.Bg3 Ne6 27.Ne3 Ng5 28.Qe2 
Nh3+ 29.Kh1 Ndf4 30.Qf1 b5 31.Ng2 Ne6 32.f4 g5 33.Bf5 gxf4 34.Bxf4 Nhxf4 
35.Nxf4 Re8 36.Qg2 Nxf4 37.Rxe8+ Qxe8 38.h3 0-1

[Event "R1 Ramonville-Ste Foy"]
[Site "Ramonville"]
[Date "2004.12.05"]
[Round "3.3"]
[White "Mary, Jean-Francois"]
[Black "Ajdari, Emmanuel"]
[Result "0-1"]
[WhiteElo "1590"]
[BlackElo "1680"]
[EventDate "2004.??.??"]
[PlyCount "64"]

1.d4 d5 2.c4 c6 3.cxd5 cxd5 4.Nc3 Nf6 5.Nf3 Bf5 6.Bf4 e6 7.e3 Nc6 8.Bb5 
Rc8 9.Ne5 Qa5 10.Nxc6 bxc6 11.Bd3 Bxd3 12.Qxd3 c5 13.O-O c4 14.Qe2 Bb4 15.
Rfc1 O-O 16.Bg5 Be7 17.e4 Rfe8 18.e5 Nd7 19.Qg4 Bf8 20.Ne2 Rc7 21.Rc3 Rb8 
22.Bc1 Rb3 23.h4 Rxc3 24.Nxc3 Rb7 25.Rb1 Nb6 26.b3 Qxc3 27.Qe2 cxb3 28.
axb3 Qxd4 29.g3 Rc7 30.Bb2 Qb4 31.Qd3 Bc5 32.Bc3 Qxc3 0-1

[Event "R1 Ramonville-Ste Foy"]
[Site "Ramonville"]
[Date "2004.12.05"]
[Round "3.2"]
[White "Boulogne, Laurent"]
[Black "Damiano, Hervé"]
[Result "1-0"]
[WhiteElo "1790"]
[BlackElo "1730"]
[EventDate "2004.??.??"]
[PlyCount "75"]

1.e4 c5 2.Nf3 d6 3.d4 cxd4 4.Nxd4 g6 5.Be3 Bg7 6.Nc3 Nc6 7.Be2 Nf6 8.g4 
Nxg4 9.Bxg4 Bxg4 10.Qxg4 Nxd4 11.O-O-O Nc6 12.Nb1 Qc7 13.a3 Rc8 14.Qe2 a6 
15.f4 Na5 16.Rd3 Nc4 17.Bd4 Bxd4 18.Rxd4 a5 19.Rd3 b5 20.b3 Nb6 21.Rc3 Qd7
22.Rxc8+ Nxc8 23.Nc3 Na7 24.Rd1 Qc6 25.Kb2 O-O 26.Nd5 Qb7 27.e5 dxe5 28.
Qxe5 Nc6 29.Qe2 Rd8 30.Nxe7+ Kf8 31.Nxc6 Rxd1 32.Qxd1 Qxc6 33.Qd8+ Kg7 34.
Qxa5 Qf6+ 35.Qc3 h6 36.a4 b4 37.Qxf6+ Kxf6 38.a5 1-0

[Event "R1 Ramonville-Ste Foy"]
[Site "Ramonville"]
[Date "2004.12.05"]
[Round "3.1"]
[White "Xanthakis, Spyros"]
[Black "Lacresse, Regis"]
[Result "1-0"]
[WhiteElo "1720"]
[BlackElo "1860"]
[EventDate "2004.??.??"]
[PlyCount "69"]

1.e4 e5 2.Nc3 Nf6 3.Bc4 Nc6 4.d3 Bc5 5.f4 d6 6.Nf3 Bg4 7.Na4 Bxf3 8.Qxf3 
Nd4 9.Qg3 Nh5 10.Qg4 b5 11.Bxb5+ Nxb5 12.Qxh5 Nd4 13.Qd1 exf4 14.Bxf4 Ne6 
15.Nxc5 Nxf4 16.Qf3 Qg5 17.O-O Qxc5+ 18.Kh1 Ng6 19.Qxf7+ Kd8 20.Qxg7 Qe5 
21.Rf6 Kc8 22.d4 Qe8 23.Rf7 Qd8 24.Raf1 Kb7 25.Rd7 Rg8 26.Qxh7 Rh8 27.Qg7 
Qh4 28.Rxc7+ Kb6 29.h3 Qxe4 30.Rf3 a5 31.Rb3+ Ka6 32.Qd7 Rxh3+ 33.Rxh3 Nf4
34.Rc6+ Kb5 35.Rb3+ 1-0

[Event "R1 Millau-Tournefeuille3"]
[Site "Albi"]
[Date "2004.12.05"]
[Round "3.5"]
[White "Hazak, Marcel"]
[Black "Pinault, Ronan"]
[Result "0-1"]
[WhiteElo "1280"]
[BlackElo "1650"]
[EventDate "2004.??.??"]
[PlyCount "92"]

1.Nf3 d5 2.d4 Nf6 3.Bf4 Bf5 4.c4 c6 5.c5 e6 6.Bd2 Nbd7 7.e3 Be7 8.Be2 Ne4 
9.Nc3 Ndf6 10.Nh4 Bg6 11.Nxg6 hxg6 12.Bf3 Nxc3 13.Bxc3 g5 14.Qe2 Rh4 15.g3
Rh6 16.Bg2 Qc7 17.O-O O-O-O 18.Qd2 Rdh8 19.h3 Ne4 20.Qe1 g4 21.f4 gxh3 22.
Bxe4 dxe4 23.Rf2 g5 24.d5 Bf6 25.Bxf6 Rxf6 26.d6 Qd8 27.Rd1 Kd7 28.Qc3 
gxf4 29.exf4 Rg6 30.Kh2 f5 31.Rg1 Qg8 32.Qa5 Qb8 33.Qc3 Rgg8 34.b4 b6 35.
Rb2 Qb7 36.a4 Qa6 37.Ra2 Rh7 38.Ra3 Qe2+ 39.Kh1 Rhg7 40.Qf6 h2 41.Rga1 e3 
42.R3a2 Qf3+ 43.Rg2 e2 44.Kxh2 Rh7+ 45.Kg1 Qe3+ 46.Rf2 Rxg3# 0-1

[Event "R1 Millau-Tournefeuille3"]
[Site "Albi"]
[Date "2004.12.05"]
[Round "3.4"]
[White "Brochet, Thierry"]
[Black "Balard, Philippe"]
[Result "1/2-1/2"]
[WhiteElo "1650"]
[BlackElo "1499"]
[EventDate "2004.??.??"]
[PlyCount "126"]

1.e4 g6 2.d4 d6 3.c4 Bg7 4.Nc3 c6 5.Be3 b6 6.f3 e6 7.Qd2 Nd7 8.Nh3 b5 9.
cxb5 cxb5 10.Nxb5 Qb6 11.d5 Qb8 12.dxe6 fxe6 13.Nxd6+ Ke7 14.Nxc8+ Qxc8 
15.Qb4+ Ke8 16.Rc1 Qb8 17.Qxb8+ Rxb8 18.b3 a5 19.Bc4 Ne5 20.Nf2 Bh6 21.
Bxh6 Nxh6 22.Bxe6 Ke7 23.Bd5 Rhc8 24.Kd2 Ng8 25.Rxc8 Rxc8 26.Rc1 Rd8 27.
Ke3 Nf6 28.Rc5 g5 29.h3 h6 30.Kd4 Nfd7 31.Rxa5 Rc8 32.Bc4 Nc6+ 33.Kd3 Nxa5
34.Ng4 h5 35.Ne3 Ra8 36.Bd5 Rc8 37.b4 Nc6 38.Bxc6 Rxc6 39.Nd5+ Kd6 40.a4 
Ne5+ 41.Ke3 Nc4+ 42.Kd4 Nb6 43.e5+ Ke6 44.Nxb6 Rxb6 45.Kc5 Rb8 46.b5 Rc8+ 
47.Kb6 Kxe5 48.a5 Kd6 49.a6 Rb8+ 50.Ka5 Kc5 51.a7 Rxb5+ 52.Ka6 Rb4 53.a8=Q
Ra4+ 54.Kb7 Rxa8 55.Kxa8 Kc4 56.Kb7 Kd4 57.Kc6 Ke3 58.Kd5 Kf4 59.Kd4 h4 
60.Kd3 Kg3 61.Ke4 Kxg2 62.f4 gxf4 63.Kxf4 Kxh3 1/2-1/2

[Event "R1 Millau-Tournefeuille3"]
[Site "Albi"]
[Date "2004.12.05"]
[Round "3.3"]
[White "Calvignac, Maurice"]
[Black "Josserand, Pascal"]
[Result "0-1"]
[WhiteElo "1620"]
[BlackElo "1860"]
[EventDate "2004.??.??"]
[PlyCount "58"]

1.d4 Nf6 2.g3 d5 3.Bg2 Bf5 4.Nc3 e6 5.a3 c5 6.Nf3 Nc6 7.e3 cxd4 8.exd4 Rc8
9.Nh4 Bg6 10.Nxg6 hxg6 11.Bg5 Qb6 12.Rb1 Qxd4 13.O-O Be7 14.Ne2 Qe5 15.
Bxf6 Bxf6 16.c3 Qh5 17.h3 g5 18.Re1 Rd8 19.Qa4 O-O 20.Qb5 Rd7 21.c4 dxc4 
22.Bxc6 bxc6 23.Qxc6 Rd2 24.Nc3 Rxb2 25.Qxc4 Rxb1 26.Nxb1 Bd8 27.Nc3 Qxh3 
28.Qa6 Bb6 29.Nb5 Qxg3+ 0-1

[Event "R1 Millau-Tournefeuille3"]
[Site "Albi"]
[Date "2004.12.05"]
[Round "3.2"]
[White "Klimchand, Didier"]
[Black "Chorazy, André"]
[Result "1-0"]
[WhiteElo "1956"]
[BlackElo "1740"]
[EventDate "2004.??.??"]
[PlyCount "72"]

1.e4 d5 2.exd5 Nf6 3.Nc3 Nxd5 4.Bc4 Nxc3 5.bxc3 Nc6 6.Nf3 e5 7.O-O Bd6 8.
d4 O-O 9.Re1 exd4 10.cxd4 Kh8 11.Ng5 Qf6 12.Qh5 Bf5 13.Nxf7+ Rxf7 14.Bxf7 
g6 15.Qf3 Qxf7 16.d5 Be5 17.Rxe5 Nxe5 18.Bb2 h6 19.Bxe5+ Kh7 20.c4 Re8 21.
Bb2 Qe7 22.Qc3 Qf8 23.Re1 Rxe1+ 24.Qxe1 g5 25.Qe5 Qf7 26.h3 Bb1 27.a3 a6 
28.a4 Ba2 29.a5 Bxc4 30.Qe4+ Qg6 31.Qxc4 Qb1+ 32.Qc1 Qxc1+ 33.Bxc1 Kg6 34.
g4 Kf6 35.Bb2+ Kg6 36.Be5 Kf7 1-0

[Event "R1 Millau-Tournefeuille3"]
[Site "Albi"]
[Date "2004.12.05"]
[Round "3.1"]
[White "Croux, Laurent"]
[Black "Tarayre, Pascal"]
[Result "0-1"]
[WhiteElo "1790"]
[BlackElo "1865"]
[EventDate "2004.??.??"]
[PlyCount "68"]

1.e4 c5 2.Nf3 d6 3.d4 cxd4 4.Nxd4 Nf6 5.Nc3 g6 6.Be3 Bg7 7.f3 O-O 8.Bc4 
Nc6 9.Qd2 Bd7 10.O-O-O Qa5 11.Bb3 Rfc8 12.h4 Ne5 13.Kb1 Nc4 14.Bxc4 Rxc4 
15.Nb3 Qc7 16.Bh6 Bxh6 17.Qxh6 Rxc3 18.bxc3 Qxc3 19.Qd2 Qc7 20.Rhe1 a5 21.
Re3 a4 22.Nd4 Rc8 23.Ne2 Qb6+ 24.Kc1 Be6 25.Ra3 Rc4 26.Nc3 Qc5 27.Nb1 b5 
28.Rc3 b4 29.Rxc4 Qxc4 30.a3 b3 31.c3 Nd7 32.Qd3 b2+ 33.Kxb2 Qa2+ 34.Kc1 
Nc5 0-1

[Event "R1 EVT1-CEIT4"]
[Site "Villeneuve Tolosane"]
[Date "2004.12.05"]
[Round "3"]
[White "Taieb, Marcel"]
[Black "Chevalier, Pierre"]
[Result "1-0"]
[WhiteElo "1690"]
[BlackElo "1300"]
[EventDate "2004.??.??"]
[PlyCount "73"]

1.d4 d5 2.c4 e6 3.Nc3 Nf6 4.Bg5 Be7 5.Qc2 Nbd7 6.e3 O-O 7.Bd3 c5 8.Nf3 
dxc4 9.Bxc4 Nb6 10.Bd3 Nbd5 11.Nxd5 exd5 12.dxc5 Qa5+ 13.Nd2 Bd7 14.O-O 
Rfc8 15.Bxh7+ Nxh7 16.Bxe7 Ba4 17.Nb3 Re8 18.Bd6 Rac8 19.Qxh7+ Kxh7 20.
Nxa5 Re6 21.b3 Bd7 22.Nxb7 Bc6 23.Na5 Ba8 24.b4 Rg6 25.f3 Re8 26.Rfe1 Ree6
27.Nb3 Rg5 28.Nd4 Reg6 29.g4 Bb7 30.Bf4 Rxg4+ 31.fxg4 Rxg4+ 32.Bg3 Bc8 33.
Rf1 f6 34.Rf4 Rg5 35.c6 Re5 36.Rh4+ Kg8 37.Bxe5 1-0

[Event "R1 EVT1-CEIT4"]
[Site "Villeneuve Tolosane"]
[Date "2004.12.05"]
[Round "3"]
[White "Saubiette, Cyrille"]
[Black "Tovar Gonzales, Jesus Antonio"]
[Result "0-1"]
[WhiteElo "1750"]
[BlackElo "1499"]
[EventDate "2004.??.??"]
[PlyCount "68"]

1.d4 e6 2.Nf3 g6 3.Bg5 Ne7 4.e3 Bg7 5.Bd3 O-O 6.c3 d6 7.Qc2 h6 8.Bh4 Nd7 
9.Nbd2 Nf6 10.Ne4 Nxe4 11.Bxe4 f5 12.Bd3 g5 13.Bg3 b6 14.Nd2 Bb7 15.f3 Nd5
16.Bf2 Qf6 17.O-O Ne7 18.Rae1 e5 19.e4 f4 20.a4 Bc8 21.Ra1 Qg6 22.a5 g4 
23.axb6 cxb6 24.dxe5 gxf3 25.Nxf3 dxe5 26.Qb3+ Kh8 27.Bxb6 Be6 28.Qa3 Bh3 
29.Nh4 Qxb6+ 30.Kh1 Bf6 31.Nf3 Qe3 32.Bc2 Qe2 33.gxh3 Rg8 34.Rg1 Qxf3+ 0-1

[Event "R1 EVT1-CEIT4"]
[Site "Villeneuve Tolosane"]
[Date "2004.12.05"]
[Round "3"]
[White "Lenoir, Patrice"]
[Black "Garcia Del Prado, Bruno"]
[Result "0-1"]
[WhiteElo "1480"]
[BlackElo "1640"]
[EventDate "2004.??.??"]
[PlyCount "40"]

1.c4 e5 2.g3 Nf6 3.Bg2 Nc6 4.Nc3 Bc5 5.a3 d6 6.e3 Bf5 7.Nge2 Qd7 8.b4 Bb6 
9.O-O Bd3 10.Qb3 Rb8 11.Re1 e4 12.Bb2 Ne5 13.Nc1 Bxc4 14.Qd1 Qf5 15.h3 
Nf3+ 16.Bxf3 exf3 17.Kh2 Be6 18.g4 Nxg4+ 19.Kg3 Ne5 20.Rh1 Qg5+ 0-1

[Event "R1 EVT1-CEIT4"]
[Site "Villeneuve Tolosane"]
[Date "2004.12.05"]
[Round "3"]
[White "Cesbron, Guy"]
[Black "Laffont, Jean-Christophe"]
[Result "1-0"]
[WhiteElo "2133"]
[BlackElo "1570"]
[EventDate "2004.??.??"]
[PlyCount "51"]

1.e4 c6 2.d4 d5 3.Nd2 dxe4 4.Nxe4 Bf5 5.Ng3 Bg6 6.Bc4 Nf6 7.N1e2 e6 8.O-O 
Be7 9.f4 O-O 10.f5 exf5 11.Nxf5 b5 12.Bd3 Bb4 13.Bg5 Nbd7 14.Neg3 Qc7 15.
Bf4 Qd8 16.c3 Ba5 17.Bg5 Qc7 18.Qf3 Rfe8 19.Nxg7 Kxg7 20.Bxf6+ Nxf6 21.
Qxf6+ Kg8 22.Nf5 Bxf5 23.Rxf5 Rab8 24.Rg5+ Kf8 25.Bxh7 Re6 26.Rg8# 1-0

[Event "R1 EVT1-CEIT4"]
[Site "Villeneuve Tolosane"]
[Date "2004.12.05"]
[Round "3"]
[White "Arnould, Francoise"]
[Black "Chevauché, Alain"]
[Result "1/2-1/2"]
[WhiteElo "1280"]
[BlackElo "1690"]
[EventDate "2004.??.??"]
[PlyCount "77"]

1.c4 e5 2.d4 Nf6 3.Nc3 exd4 4.Qxd4 Nc6 5.Qd1 Bc5 6.Nf3 d6 7.h3 Be6 8.b3 
Ne5 9.e3 Bb4 10.Bb2 O-O 11.Nd4 Ne4 12.Qc2 Nxc3 13.Bxc3 Bxc3+ 14.Qxc3 Qf6 
15.Qc2 c5 16.Nxe6 fxe6 17.Rd1 Rad8 18.f4 Nc6 19.h4 Nb4 20.Qb1 Qc3+ 21.Ke2 
d5 22.Rc1 Qf6 23.a3 Nc6 24.cxd5 Rxd5 25.g4 Qd8 26.Rc2 Qa5 27.Qc1 Rfd8 28.
Bg2 Qb5+ 29.Rc4 Rd2+ 30.Qxd2 Rxd2+ 31.Kxd2 Qxb3 32.Rc3 Qb2+ 33.Rc2 Qxa3 
34.Bxc6 Qb4+ 35.Kd3 bxc6 36.Rhc1 Qb3+ 37.Rc3 Qd5+ 38.Ke2 Qg2+ 39.Kd3 
1/2-1/2

[Event "R1 EVT1-CEIT4"]
[Site "Villeneuve Tolosane"]
[Date "2004.12.05"]
[Round "3"]
[White "Aflallo, Fortunio"]
[Black "Alonso, Jesus"]
[Result "1-0"]
[WhiteElo "1610"]
[BlackElo "1850"]
[EventDate "2004.??.??"]
[PlyCount "77"]

1.e4 e6 2.f4 d5 3.e5 Nc6 4.d4 Bd7 5.Nf3 f6 6.Bb5 Nxe5 7.Nxe5 fxe5 8.Bxd7+ 
Kxd7 9.dxe5 Bc5 10.c4 c6 11.cxd5 cxd5 12.Qa4+ Ke7 13.Nc3 Qb6 14.Rf1 g6 15.
f5 Be3 16.fxe6 Rd8 17.Qd1 Bxc1 18.Qxc1 Qxe6 19.Qg5+ Kd7 20.O-O-O Kc7 21.
Nb5+ Kd7 22.Nd4 Qe7 23.e6+ Kc8 24.Qd2 Qc5+ 25.Kb1 Kb8 26.Rc1 Qd6 27.Rf7 
Ne7 28.Qa5 a6 29.Qa4 Rc8 30.Rxc8+ Rxc8 31.a3 b5 32.Nxb5 Qxe6 33.Qf4+ Ka8 
34.Nd4 Qe1+ 35.Ka2 Nf5 36.Nxf5 gxf5 37.Qxf5 Rd8 38.Qf6 Qa5 39.Qc6+ 1-0

[Event "R1 Albi2-Montauban2"]
[Site "Montauban"]
[Date "2004.12.05"]
[Round "3.3"]
[White "Lopez, Jacky"]
[Black "Derbichev, Moussa"]
[Result "0-1"]
[WhiteElo "1580"]
[BlackElo "1499"]
[EventDate "2004.??.??"]
[PlyCount "23"]

1.d4 c6 2.c4 h6 3.Nc3 Nf6 4.Nf3 d6 5.e4 e6 6.Be2 Qa5 7.O-O Nbd7 8.Re1 Qc7 
9.Bf1 g5 10.d5 g4 11.Nd4 Be7 12.Bd2 {(Feuille de partie incomprehensible 
!)} 0-1

[Event "R1 Albi2-Montauban2"]
[Site "Montauban"]
[Date "2004.12.05"]
[Round "3.2"]
[White "Palos, Jean Luc"]
[Black "Homere, Cédric"]
[Result "1-0"]
[WhiteElo "1490"]
[BlackElo "1590"]
[EventDate "2004.??.??"]
[PlyCount "75"]

1.e4 e5 2.Nf3 Bd6 3.Bc4 c5 4.d3 f6 5.Nh4 Ne7 6.Bh6 b5 7.Bxg7 bxc4 8.Bxh8 
Kf7 9.Qh5+ Ng6 10.Qxh7+ Ke6 11.Nxg6 Be7 12.O-O Kd6 13.Nh4 Nc6 14.Nf5+ Kc7 
15.Nxe7 Qxe7 16.Qxe7 Nxe7 17.Bxf6 Nc6 18.Nc3 d6 19.Nd5+ Kd7 20.f4 Ne7 21.
Nxe7 Ba6 22.f5 cxd3 23.cxd3 Bxd3 24.Rf2 Rb8 25.b3 a5 26.Ng6 Rb4 27.Rd1 
Bxe4 28.Nxe5+ Kc8 29.Rxd6 Bxf5 30.Rf1 a4 31.Rc6+ Kb7 32.Rxc5 axb3 33.axb3 
Rxb3 34.Nc6 Kb6 35.Nd4 Rb2 36.Rcxf5 Kb7 37.Rb5+ Rxb5 38.Nxb5 1-0

[Event "R1 Albi2-Montauban2"]
[Site "Montauban"]
[Date "2004.12.05"]
[Round "3.1"]
[White "Peccini, Jean Pierre"]
[Black "Fumenier, Thierry"]
[Result "0-1"]
[WhiteElo "1520"]
[BlackElo "1710"]
[EventDate "2004.??.??"]
[PlyCount "120"]

1.c4 e6 2.Nc3 d5 3.cxd5 exd5 4.d4 Nf6 5.Nf3 h6 6.e3 Bd6 7.Be2 O-O 8.h3 c6 
9.O-O Re8 10.Bd2 Bf5 11.Nh2 Qc7 12.f4 Qe7 13.Ng4 Nbd7 14.Ne5 Ne4 15.Nxe4 
Bxe4 16.Nxd7 Qxd7 17.Bg4 f5 18.Bf3 Qf7 19.Bxe4 Rxe4 20.Rf3 Rae8 21.Qe1 
Bxf4 22.Rxf4 Rxf4 23.Qg3 Rfe4 24.Rf1 g6 25.Rf3 g5 26.Qf2 Rf8 27.Bb4 Rfe8 
28.Rxf5 Qg7 29.Rf3 b6 30.Bd6 a5 31.a3 R4e6 32.Be5 Qe7 33.Bf6 Qh7 34.Be5 
R6e7 35.Bf6 Rf7 36.h4 g4 37.Rf4 Qg6 38.g3 Ref8 39.Be5 Rxf4 40.Bxf4 b5 41.
Qd2 a4 42.Qc3 h5 43.Kf2 Re8 44.Qd2 Rc8 45.Qc3 Qf6 46.Qb4 Qf8 47.Qc3 Qf5 
48.Qd2 Qe4 49.Kg1 c5 50.Qc1 c4 51.Qc3 Qe7 52.Kf2 Rc6 53.Qa5 Rc8 54.Qxb5 
Qf7 55.Qxa4 Rb8 56.Qc2 Rb3 57.Ke1 Qh7 58.Kd2 Rd3+ 59.Kc1 Qe4 60.Kb1 Rd1+ 
0-1

[Event "R1 Albi2-Montauban2"]
[Site "Montauban"]
[Date "2004.12.05"]
[Round "3"]
[White "Souyri, Pierre"]
[Black "Aurejac, Pierre"]
[Result "0-1"]
[WhiteElo "1299"]
[BlackElo "1430"]
[EventDate "2004.??.??"]
[PlyCount "116"]

1.e4 c6 2.d4 d5 3.Nc3 dxe4 4.Nxe4 Bf5 5.Ng3 Bg6 6.h4 h6 7.Nf3 Nd7 8.Bd3 
Bxd3 9.Qxd3 e6 10.Bd2 Ngf6 11.a3 Qc7 12.c4 Rd8 13.Qc3 Bd6 14.Ne2 Ne4 15.
Qc2 Nxd2 16.Qxd2 Nf6 17.c5 Bxc5 18.Qc2 Qa5+ 19.Qd2 Qxd2+ 20.Nxd2 Bxd4 21.
Nxd4 Rxd4 22.O-O-O Ke7 23.Rde1 Rhd8 24.Nb3 Rc4+ 25.Kb1 b6 26.Rc1 Rxc1+ 27.
Rxc1 c5 28.Re1 c4 29.Na1 Rd2 30.Rf1 Ng4 31.Nc2 Rxf2 32.Rxf2 Nxf2 33.Nd4 
Kd7 34.Nf3 Kd6 35.Nd2 b5 36.Nf3 Kd5 37.Kc2 a5 38.Ng1 f5 39.Ne2 e5 40.Ng3 
f4 41.Nh5 g5 42.hxg5 hxg5 43.Nf6+ Kd4 44.Ne8 e4 45.Kd2 e3+ 46.Ke2 b4 47.
axb4 axb4 48.Nd6 Kd5 49.Nb5 Kc5 50.Nc7 c3 51.bxc3 bxc3 52.Ne6+ Kc4 53.Nxg5
c2 54.Ne6 c1=Q 55.Nxf4 Ne4 56.Kf3 Ng5+ 57.Ke2 Qd2+ 58.Kf1 Qf2# 0-1

[Event "R1 Albi2-Montauban2"]
[Site "Montauban"]
[Date "2004.12.05"]
[Round "3"]
[White "Reyna, Quentin"]
[Black "Foussat, Frederic"]
[Result "1/2-1/2"]
[WhiteElo "1530"]
[BlackElo "1270"]
[EventDate "2004.??.??"]
[PlyCount "94"]

1.e4 d6 2.d4 Nf6 3.Nc3 g6 4.f4 Bg7 5.Nf3 Bg4 6.Be3 c6 7.Be2 b5 8.a3 O-O 9.
e5 dxe5 10.fxe5 Nd5 11.Nxd5 Qxd5 12.O-O Nd7 13.b3 Nb6 14.Qd2 Rad8 15.Rad1 
f6 16.Bh6 fxe5 17.Bxg7 Kxg7 18.Nxe5 Rxf1+ 19.Kxf1 Bxe2+ 20.Qxe2 Rf8+ 21.
Kg1 Qe6 22.Qe4 Nd5 23.Qe1 Rf5 24.Nf3 Qe3+ 25.Qxe3 Nxe3 26.Re1 Nd5 27.c4 
bxc4 28.bxc4 Nb6 29.Rxe7+ Kf6 30.Rxa7 Nxc4 31.a4 Ra5 32.Rxa5 Nxa5 33.Nd2 
Ke6 34.Kf2 Kd5 35.Ke3 g5 36.g4 Nb7 37.Kd3 c5 38.dxc5 Nxc5+ 39.Ke3 Nxa4 40.
Nf3 h6 41.Nd4 Nc3 42.Nf5 Nd1+ 43.Kf3 Ke5 44.Nxh6 Kf6 45.Nf5 Nc3 46.Ng3 Kg6
47.Ne4 Nd5 1/2-1/2

[Event "R1 Albi2-Montauban2"]
[Site "Montauban"]
[Date "2004.12.05"]
[Round "3"]
[White "Kienlen, Gérard"]
[Black "Lambolez, Pierre Yves"]
[Result "1-0"]
[WhiteElo "1410"]
[BlackElo "1460"]
[EventDate "2004.??.??"]
[PlyCount "69"]

1.c4 c5 2.Nf3 Nc6 3.g3 Nf6 4.Bg2 e5 5.d3 h6 6.Nc3 a6 7.b3 Rb8 8.Bb2 Bd6 9.
e4 Bc7 10.O-O O-O 11.a3 d6 12.h3 Nh5 13.Nd5 f5 14.exf5 Nf6 15.Nh4 Nxd5 16.
Bxd5+ Kh7 17.Be4 Rf6 18.Qh5 Ne7 19.Bc1 Kg8 20.Kh2 b5 21.Bd2 Bd7 22.f4 Qc8 
23.fxe5 dxe5 24.g4 Be8 25.Ng6 Nxg6 26.fxg6 Qd8 27.Be3 Rbb6 28.Bd5+ Kh8 29.
Be4 Bc6 30.g5 Rxf1 31.Rxf1 Bxe4 32.dxe4 Kg8 33.gxh6 Qd6 34.hxg7 Qxg6 35.
Qh8# 1-0

[Event "N4-R3- AUCH / COLOMIERS"]
[Site "?"]
[Date "2004.12.06"]
[Round "?"]
[White "Verges, Jean"]
[Black "Artis, Paul"]
[Result "1-0"]
[WhiteElo "1620"]
[BlackElo "1520"]
[EventDate "2004.??.??"]
[PlyCount "76"]

1.Nf3 Nf6 2.d4 g6 3.c4 Bg7 4.Nc3 O-O 5.e4 d6 6.Be2 c5 7.dxc5 dxc5 8.Qxd8 
Rxd8 9.Bg5 Nc6 10.O-O Bg4 11.Nd2 Bxe2 12.Nxe2 Rd7 13.f3 Rad8 14.Rfd1 Ne5 
15.b3 b6 16.Nc3 e6 17.Kf1 Rd3 18.Rac1 R8d7 19.Ke1 Nc6 20.Ndb1 Ne8 21.Rxd3 
Rxd3 22.Ke2 Rd7 23.Be3 Nd4+ 24.Kf2 Nc7 25.Rd1 e5 26.Nd5 Nxd5 27.cxd5 f5 
28.Nc3 fxe4 29.fxe4 Rf7+ 30.Kg1 Bf8 31.Bg5 h6 32.Be3 a6 33.Na4 Rf6 34.Nc3 
h5 35.Rd2 Bd6 36.Bg5 Rf7 37.Bd8 b5 38.Bg5 Ne6 1-0

[Event "N4-R3- AUCH / COLOMIERS"]
[Site "?"]
[Date "2004.12.06"]
[Round "?"]
[White "Paradis, François"]
[Black "Blondelon, Paul"]
[Result "1/2-1/2"]
[WhiteElo "1499"]
[BlackElo "1440"]
[EventDate "2004.??.??"]
[PlyCount "74"]

1.e4 d6 2.d4 Nf6 3.Nc3 g6 4.h3 Bg7 5.Nf3 O-O 6.Bc4 Be6 7.Bxe6 fxe6 8.O-O 
h6 9.Be3 Nc6 10.Qd2 g5 11.h4 Nh7 12.hxg5 hxg5 13.Rad1 Qe8 14.Ne2 Qg6 15.
Ng3 Bh6 16.Nh2 Rf7 17.Qe2 Nf6 18.f3 Nh5 19.Nxh5 Qxh5 20.Ng4 Raf8 21.c3 Rh7
22.g3 Bg7 23.Qh2 Qxh2+ 24.Nxh2 Bf6 25.Kg2 a6 26.Ng4 Rff7 27.Rh1 Rxh1 28.
Rxh1 Rh7 29.Rxh7 Kxh7 30.f4 Kg6 31.fxg5 Bxg5 32.Kf3 e5 33.Bxg5 Kxg5 34.
dxe5 Nxe5+ 35.Nxe5 dxe5 36.c4 c5 37.a3 a5 1/2-1/2

[Event "N4-R3- AUCH / COLOMIERS"]
[Site "?"]
[Date "2004.12.06"]
[Round "?"]
[White "Moiseyev, Vlas"]
[Black "Rouede, Gilbert"]
[Result "1-0"]
[WhiteElo "1680"]
[BlackElo "1742"]
[EventDate "2004.??.??"]
[PlyCount "83"]

1.e4 c5 2.Nf3 d6 3.d4 cxd4 4.Nxd4 Nf6 5.Nc3 a6 6.f3 Nc6 7.Be3 e6 8.Qd2 Be7
9.O-O-O O-O 10.h4 Nxd4 11.Bxd4 e5 12.Be3 Be6 13.Nd5 Bxd5 14.exd5 b5 15.g4 
Qc7 16.h5 Rfc8 17.Rh2 Qb7 18.Kb1 b4 19.g5 Nd7 20.g6 hxg6 21.hxg6 fxg6 22.
Bh3 Bf6 23.Qd3 Kf7 24.Be6+ Ke7 25.Qxg6 Rf8 26.Rh7 Rae8 27.Bg5 Kd8 28.Rxg7 
Be7 29.Bxe7+ Rxe7 30.Rxe7 Kxe7 31.Qg7+ Ke8 32.Qg6+ Kd8 33.Qg5+ Nf6 34.b3 
Qe7 35.Qe3 Qb7 36.f4 e4 37.f5 Kc7 38.Qh6 Qb8 39.Rd4 a5 40.Rc4+ Kb7 41.Qg7+
Ka8 42.Rc6 1-0